000
00329nam a22001457a 4500
003
OSt
005
20220214092908.0
008
220214b |||||||| |||| 00| 0 eng d
020
_a
9780071267939
040
_c
HU
082
_2
2nd
_a
627.23
100
_a
Sturm
_9
30333
245
_a
Open Channel Hydraulics
942
_2
ddc
_c
BOOKS
_n
0
999
_c
30108
_d
30108